[Event "Reykjavik Open 2024"]
[Site "Reykjavik ISL"]
[Date "2024.03.16"]
[Round "2.155"]
[White "Spagnoli, Benjamin"]
[Black "Schilling, Patrick T"]
[Result "1-0"]
[WhiteElo "1883"]
[BlackElo "1633"]
[WhiteFideId "20667116"]
[BlackFideId "30996295"]
[EventDate "2024.03.15"]

1. d4 Nf6 2. Nc3 d5 3. Bf4 c5 4. e4 cxd4 5. Qxd4 Nc6 6. Bb5 a6 7. Bxc6+ bxc6 8.
e5 Nh5 9. Bg5 f6 10. Bh4 g5 11. exf6 gxh4 12. f7+ Kxf7 13. Qxh8 Nf6 14. Nf3 h6
15. Ne5+ Ke6 16. Nxc6 Qe8 17. O-O-O Bb7 18. Rhe1+ Kd6 19. Na5 Bc6 20. Ne4+ Nxe4
21. Rxe4 Qh5 22. Nxc6 Kxc6 23. Qc3+ Kd7 24. Re5 Qg6 25. Rexd5+ Ke8 26. Qc7 Kf7
27. Qf4+ Ke8 28. Qxh4 Bg7 29. Qh5 Qxh5 30. Rxh5 Rb8 31. c3 Bf6 32. Kc2 Bg5 33.
h4 1-0

[Event "Reykjavik Open 2024"]
[Site "Reykjavik ISL"]
[Date "2024.03.16"]
[Round "2.156"]
[White "Hauksson, Bjorgvin Jonas"]
[Black "Beyerle, Gregor"]
[Result "1-0"]
[WhiteElo "1836"]
[BlackElo "1610"]
[WhiteFideId "2314223"]
[BlackFideId "34614494"]
[EventDate "2024.03.15"]

1. e4 c5 2. b3 Nc6 3. Bb2 e6 4. Bb5 a6 5. Bxc6 bxc6 6. c4 d5 7. Qc2 d4 8. e5 Qc7
9. Qe4 Ne7 10. f4 h5 11. Nf3 Nf5 12. O-O Bb7 13. Na3 Be7 14. Nc2 a5 15. a4 Rb8
16. Rab1 Ba6 17. Ba3 O-O 18. Rb2 Rb6 19. Qd3 Rfb8 20. Re1 Qd8 21. Qf1 Rxb3 22.
Rxb3 Rxb3 23. d3 Ne3 24. Nxe3 dxe3 25. Bc1 Rxd3 26. Bxe3 Bxc4 27. Qf2 Qd5 28.
Nd2 Ra3 29. Nb1 Ra2 30. Nc3 Bh4 31. g3 Rxf2 32. Nxd5 Re2 33. Rxe2 cxd5 34. Rb2
Be7 35. Rb7 Bf8 36. Ra7 d4 37. Bd2 Bb3 38. Rxa5 c4 39. Kf2 c3 40. Bc1 Bd1 41.
Ra8 Bb3 42. Ke2 Bc4+ 43. Ke1 d3 44. a5 g6 45. a6 Kg7 46. a7 d2+ 47. Bxd2 cxd2+
48. Kxd2 Bb4+ 49. Kd1 Bb3+ 50. Kc1 Ba3+ 51. Kb1 Bd5 52. Rd8 Be4+ 53. Ka1 Bc5 54.
a8=Q Bxa8 55. Rxa8 Bg1 56. Ra2 f6 57. Kb1 fxe5 58. fxe5 g5 59. h3 Kg6 60. g4 Be3
61. Kc2 h4 62. Kd3 Bg1 63. Kc4 Kf7 64. Ra5 Ke7 65. Rb5 Kd7 66. Rb7+ Kc6 67. Re7
Be3 68. Rxe6+ Kd7 69. Kd5 Bf4 70. Rg6 Ke7 71. e6 Bc1 72. Rg7+ Ke8 73. Rb7 Ba3
74. Ke5 Be7 75. Rb8+ Bd8 76. Kd6 1-0

[Event "Reykjavik Open 2024"]
[Site "Reykjavik ISL"]
[Date "2024.03.16"]
[Round "2.157"]
[White "De Castro, Manuel"]
[Black "Carr, Jay"]
[Result "0-1"]
[WhiteElo "1603"]
[BlackElo "1826"]
[WhiteFideId "651002493"]
[BlackFideId "30922690"]
[EventDate "2024.03.15"]

1. e4 c5 2. c3 Nf6 3. e5 Nd5 4. d4 cxd4 5. cxd4 e6 6. Nf3 Be7 7. Bc4 d6 8. Qb3
Nb6 9. O-O Nxc4 10. Qxc4 O-O 11. Nc3 a6 12. a4 Nc6 13. b4 d5 14. Qb3 Nxb4 15.
Ba3 Nc6 16. Bxe7 Qxe7 17. a5 Qc7 18. Qa3 b5 19. axb6 Qxb6 20. Na4 Qa7 21. Nc5 a5
22. h3 Ba6 23. Rfc1 Bc4 24. Qa4 Nxd4 25. Nxd4 Qxc5 26. Nb3 Qc7 27. Nd2 Rfc8 28.
Nxc4 dxc4 29. Ra3 Qxe5 30. Rxc4 Rxc4 31. Qxc4 Rb8 32. Rb3 h6 33. Rxb8+ Qxb8 34.
Qa6 Qe5 35. Qc8+ Kh7 36. Qc2+ g6 37. Qa4 Qe1+ 38. Kh2 Qb4 39. Qa1 Qf4+ 40. Kg1
a4 41. Qa3 Kg7 42. Qb2+ Qf6 43. Qa3 Qd4 44. Kh2 g5 45. Kg1 e5 46. Qg3 Qb2 47. f4
Qc1+ 48. Kf2 Qxf4+ 0-1

[Event "Reykjavik Open 2024"]
[Site "Reykjavik ISL"]
[Date "2024.03.16"]
[Round "2.158"]
[White "Eiriksson, Theodor"]
[Black "Gilsson, Asmund"]
[Result "0-1"]
[WhiteElo "1579"]
[BlackElo "1821"]
[WhiteFideId "2322277"]
[BlackFideId "1541242"]
[EventDate "2024.03.15"]

1. d4 d5 2. c4 c6 3. Nf3 Nf6 4. Nc3 Bg4 5. Bg5 e6 6. e3 Be7 7. Bd3 Nbd7 8. O-O
O-O 9. Qc2 Bxf3 10. gxf3 dxc4 11. Bxc4 Nd5 12. Bxe7 Qxe7 13. a3 Nxc3 14. bxc3
Rfd8 15. Bd3 g6 16. Kh1 Rac8 17. Rg1 c5 18. Rg2 cxd4 19. exd4 Nf6 20. c4 Rxd4
21. a4 Qd7 22. Ra3 b6 23. Rg1 Rd8 24. Rd1 Qd6 25. Rc3 Rh4 0-1

[Event "Reykjavik Open 2024"]
[Site "Reykjavik ISL"]
[Date "2024.03.16"]
[Round "2.159"]
[White "Stuhr, Finn"]
[Black "Gudmundsson, Eirikur Orri"]
[Result "0-1"]
[WhiteElo "1814"]
[BlackElo "1536"]
[WhiteFideId "1400789"]
[BlackFideId "2325560"]
[EventDate "2024.03.15"]

1. e4 e5 2. Nf3 Nc6 3. Bb5 Nf6 4. O-O a6 5. Ba4 Bc5 6. Re1 O-O 7. c3 Ng4 8. d4
exd4 9. h3 Nf6 10. cxd4 Bb6 11. a3 d6 12. Nc3 h6 13. Bc2 Re8 14. Bf4 d5 15. e5
Nh5 16. Bh2 g6 17. g4 Ng7 18. Bf4 g5 19. Bg3 Be6 20. Qd3 f5 21. exf6 Qxf6 22.
Be5 Nxe5 23. Nxe5 Kf8 24. Nxd5 Qd8 25. Ng6+ Kg8 26. Nge7+ Rxe7 27. Qh7+ Kf7 28.
Bg6+ Kf8 29. Qh8+ Bg8 30. Nf6 Rxe1+ 31. Rxe1 Qxf6 32. Qxh6 Bxd4 33. Re2 Qf3 34.
Rd2 Qg3+ 35. Kf1 Bc4+ 36. Ke1 Qg1# 0-1

[Event "Reykjavik Open 2024"]
[Site "Reykjavik ISL"]
[Date "2024.03.16"]
[Round "2.161"]
[White "Zarriess, Benjamin"]
[Black "Jonsdottir, Katrin Maria"]
[Result "1/2-1/2"]
[WhiteElo "1798"]
[BlackElo "1525"]
[WhiteFideId "34606645"]
[BlackFideId "2316706"]
[EventDate "2024.03.15"]

1. e4 d5 2. exd5 Qxd5 3. Nc3 Qd6 4. d4 c6 5. Nf3 Nf6 6. Ne5 Nbd7 7. Nc4 Qc7 8.
a4 e6 9. a5 Bb4 10. Qf3 O-O 11. Bf4 Qd8 12. Be2 Nd5 13. Bg3 Qf6 14. Qd3 c5 15.
Be5 Nxe5 16. dxe5 Qg6 17. Qxg6 hxg6 18. O-O Bxc3 19. bxc3 Nxc3 20. Bf3 Rb8 21.
Nd6 Rd8 22. Ra3 Nd5 23. Rd1 Nb4 24. Rb3 Nxc2 25. Rc3 Nd4 26. Rxc5 Nxf3+ 27. gxf3
b6 28. Rc7 Rd7 29. Rdc1 Rxc7 30. Rxc7 Ba6 31. Rxf7 bxa5 32. Rxa7 Be2 33. Kg2 Rb3
34. Rxa5 Bxf3+ 35. Kg3 Bd5+ 36. Kh4 Rb4+ 37. Kg3 Rb3+ 38. Kh4 Rb4+ 39. Kg3 Rb3+
40. Kh4 1/2-1/2

[Event "Reykjavik Open 2024"]
[Site "Reykjavik ISL"]
[Date "2024.03.16"]
[Round "2.162"]
[White "Brade, Henry"]
[Black "B. Berglindardottir, Emilia Embla"]
[Result "1-0"]
[WhiteElo "1771"]
[BlackElo "1519"]
[WhiteFideId "519456"]
[BlackFideId "2318946"]
[EventDate "2024.03.15"]

1. d4 d6 2. e4 Nf6 3. Nc3 g6 4. f4 Nc6 5. Nf3 Bg4 6. Be3 e5 7. fxe5 dxe5 8. d5
Ne7 9. h3 Bxf3 10. Qxf3 Bg7 11. Bg5 Nc8 12. Bb5+ Ke7 13. O-O Qd6 14. Kh1 h6 15.
Be3 Nb6 16. a3 a5 17. Ne2 c6 18. dxc6 bxc6 19. Rad1 Qc7 20. Bc5+ Ke8 21. Bd6 Qb7
22. Bxe5 Nbd7 23. Bxf6 Nxf6 24. e5 Nd5 25. Bxc6+ Qxc6 26. Qxf7+ Kd8 27. Rxd5+
Kc8 28. Qxg7 Qxd5 29. Qxh8+ Kb7 30. Qg7+ Kb6 31. Rf6+ Kb5 32. Nc3+ 1-0

[Event "Reykjavik Open 2024"]
[Site "Reykjavik ISL"]
[Date "2024.03.16"]
[Round "2.163"]
[White "Masson, Hrannar Mar"]
[Black "Rogge, Marloes"]
[Result "0-1"]
[WhiteElo "1520"]
[BlackElo "1762"]
[WhiteFideId "2325250"]
[BlackFideId "1066404"]
[EventDate "2024.03.15"]

1. d4 d6 2. Bf4 Nd7 3. Nf3 g6 4. e4 Bg7 5. c3 Ngf6 6. Bd3 O-O 7. O-O Re8 8. h3
e5 9. dxe5 dxe5 10. Bg5 Nc5 11. Bxf6 Qxf6 12. Bc2 Rd8 13. Qe2 Ne6 14. Ne1 Nf4
15. Qe3 Bh6 16. Qf3 Qg5 17. Qe3 Nxh3+ 18. Kh2 Nf4 19. Qg3 Qh5+ 20. Kg1 Ne2# 0-1

[Event "Reykjavik Open 2024"]
[Site "Reykjavik ISL"]
[Date "2024.03.16"]
[Round "2.164"]
[White "Gunnarsdottir, Eyrun Eva"]
[Black "Beatty, Samuel"]
[Result "1-0"]
[WhiteElo "1491"]
[BlackElo "1731"]
[WhiteFideId "2327058"]
[BlackFideId "1344390"]
[EventDate "2024.03.15"]

1. d4 d5 2. c4 c6 3. Nf3 Nf6 4. Nc3 e6 5. Bf4 Bb4 6. e3 Ne4 7. Qc2 Nd7 8. a3 Qa5
9. Rc1 Bxc3+ 10. bxc3 Qxa3 11. Bd3 Ndf6 12. Nd2 Nxd2 13. Qxd2 dxc4 14. Bxc4 b5
15. Bd3 O-O 16. O-O Bb7 17. Ra1 Qe7 18. Bg5 Rfd8 19. Qc2 h6 20. Bh4 e5 21. Rfe1
Re8 22. f4 exf4 23. exf4 Qd6 24. Bg3 Rxe1+ 25. Rxe1 Nh5 26. Qf2 Nxg3 27. Qxg3 a6
28. Qe3 Kf8 29. Qe4 g6 30. f5 Kg7 31. fxg6 Qd5 32. Qg4 Bc8 33. Qg3 Qg5 34. Qc7
Qf6 35. gxf7 Be6 36. Rxe6 Qxe6 37. f8=Q+ Kxf8 38. Qf4+ Ke7 39. Qc7+ Qd7 40. Qe5+
Qe6 41. Qc7+ Ke8 42. Qg3 Ra7 43. Qb8+ Kf7 44. Qxa7+ Kf6 45. Qh7 Qe1+ 46. Bf1
Qe3+ 47. Kh1 Kg5 48. Qg7+ Kf5 49. Qd7+ Qe6 50. g4+ Kf6 51. Qd8+ Qe7 52. Qh8+ Qg7
53. Qxg7+ Kxg7 54. Bg2 a5 55. Bxc6 1-0

[Event "Reykjavik Open 2024"]
[Site "Reykjavik ISL"]
[Date "2024.03.16"]
[Round "2.165"]
[White "Jonatansson, Sigurdur Freyr"]
[Black "Asgeirsson, Adalsteinn Egill"]
[Result "1-0"]
[WhiteElo "1731"]
[BlackElo "1434"]
[WhiteFideId "2303116"]
[BlackFideId "2323940"]
[EventDate "2024.03.15"]

1. e4 e5 2. Nf3 Nc6 3. Bb5 Bc5 4. c3 Nf6 5. O-O d6 6. d4 exd4 7. cxd4 Bb6 8. d5
a6 9. Ba4 Bd7 10. dxc6 bxc6 11. Bg5 O-O 12. Qc2 h6 13. Bh4 d5 14. Bxc6 Bxc6 15.
Qxc6 dxe4 16. Bxf6 Qxf6 17. Qxf6 gxf6 18. Nh4 Rfd8 19. Nc3 Rd2 20. Nxe4 Kg7 21.
Nxd2 Re8 22. Rfe1 1-0

[Event "Reykjavik Open 2024"]
[Site "Reykjavik ISL"]
[Date "2024.03.16"]
[Round "2.167"]
[White "Ernisson, Petur Ulfar"]
[Black "Bernard, Christopher"]
[Result "0-1"]
[WhiteElo "1450"]
[BlackElo "1728"]
[WhiteFideId "2326116"]
[BlackFideId "447447"]
[EventDate "2024.03.15"]

1. e4 c5 2. c3 g6 3. Nf3 Bg7 4. d4 cxd4 5. cxd4 d5 6. Nc3 dxe4 7. Nxe4 Bg4 8.
Be3 Nf6 9. Nxf6+ Bxf6 10. Bc4 O-O 11. Bh6 Bg7 12. Bxg7 Kxg7 13. h3 Bxf3 14. gxf3
Nc6 15. d5 Qa5+ 16. Qd2 Qxd2+ 17. Kxd2 Ne5 18. Bb3 Nxf3+ 19. Ke3 Ne5 20. f4 Nd7
21. Rac1 Rac8 22. h4 Nf6 23. Rhd1 Rfd8 24. Kd4 Ne8 25. Re1 Nd6 26. Rxc8 Rxc8 27.
Kd3 Kf6 28. a3 h5 29. Ba2 Nf5 30. Rh1 Rd8 31. Rh3 e6 32. Ke4 Nd6+ 33. Ke3 Rc8
34. Rh2 b6 35. Rd2 Nf5+ 36. Kf2 exd5 37. Bxd5 Rd8 38. Kf3 Ne7 39. Ke4 Nxd5 40.
Rf2 Ne7 41. Rc2 Rc8 42. Rd2 Nf5 43. Rd7 Re8+ 44. Kf3 Re7 45. Rd2 Nxh4+ 46. Kg3
Nf5+ 47. Kf2 Rc7 48. Kf3 h4 49. Kg4 a5 50. Rd3 Rc2 51. Rb3 Rg2+ 52. Kh3 Rg3+ 53.
Rxg3 hxg3 54. Kg2 Ke6 55. b4 axb4 56. axb4 Kd5 57. b5 Kc5 58. Kg1 Kxb5 59. Kg2
Kc4 60. Kg1 b5 0-1

[Event "Reykjavik Open 2024"]
[Site "Reykjavik ISL"]
[Date "2024.03.16"]
[Round "2.168"]
[White "Bokobza, Pierre"]
[Black "Perchard, Matthew"]
[Result "0-1"]
[WhiteElo "1431"]
[BlackElo "1724"]
[WhiteFideId "653030575"]
[BlackFideId "343404235"]
[EventDate "2024.03.15"]

1. e4 e6 2. d4 d5 3. Nd2 c5 4. exd5 Qxd5 5. Nb3 Nf6 6. Be3 c4 7. Nc1 Bd7 8. Qf3
Bc6 9. Be2 Qa5+ 10. Bd2 Bb4 11. Bxb4 Qxb4+ 12. Qc3 Qxc3+ 13. bxc3 Bxg2 14. Bf3
Bxh1 15. Bxh1 Nd5 16. Nce2 Nd7 17. Rb1 Rb8 18. Nf3 O-O 19. Nd2 b5 20. a3 Rb6 21.
Ne4 a6 22. Kd2 Rc8 23. N4g3 N7f6 24. Rg1 a5 25. Bxd5 Nxd5 26. Nh5 g6 27. Nhf4
Nxf4 28. Nxf4 b4 29. cxb4 axb4 30. axb4 c3+ 31. Kd3 Rxb4 32. Nh5 Kf8 33. Nf6 h5
34. Ra1 Rcc4 35. Ra8+ Ke7 36. Ng8+ Kd6 37. Ra6+ Rc6 38. Rxc6+ Kxc6 39. Kxc3 Ra4
40. Kd3 Kd6 41. Nh6 Ra7 42. Ke4 g5 43. c4 f5+ 44. Nxf5+ exf5+ 45. Kxf5 0-1

[Event "Reykjavik Open 2024"]
[Site "Reykjavik ISL"]
[Date "2024.03.16"]
[Round "3.2"]
[White "Katz, Alexander"]
[Black "Sanal, Vahap"]
[Result "0-1"]
[WhiteTitle "IM"]
[BlackTitle "GM"]
[WhiteElo "2418"]
[BlackElo "2558"]
[WhiteFideId "2039796"]
[BlackFideId "6300545"]
[EventDate "2024.03.15"]

1. e4 e5 2. Nf3 Nc6 3. Bc4 Bc5 4. c3 Nf6 5. d3 d6 6. Bb3 h6 7. O-O O-O 8. h3 a6
9. Nbd2 Re8 10. Re1 Be6 11. Nf1 d5 12. d4 dxe4 13. dxc5 Bxb3 14. Qxb3 exf3 15.
gxf3 Qd7 16. Kh2 Ne7 17. Rxe5 Ng6 18. Rxe8+ Rxe8 19. Be3 Qc6 20. Nd2 Nd5 21. Qc4
Nxe3 22. fxe3 Rxe3 23. Rg1 Qf6 24. Qd4 Qf4+ 25. Qxf4 Nxf4 26. Kg3 g5 27. Nc4 Re2
28. Kg4 Kg7 29. Kf5 Ng6 30. Rd1 Ne7+ 31. Kg4 Rg2+ 32. Kh5 Ng8 0-1

[Event "Reykjavik Open 2024"]
[Site "Reykjavik ISL"]
[Date "2024.03.16"]
[Round "3.3"]
[White "Maze, Sebastien"]
[Black "Haldorsen, Benjamin"]
[Result "1/2-1/2"]
[WhiteTitle "GM"]
[BlackTitle "IM"]
[WhiteElo "2551"]
[BlackElo "2426"]
[WhiteFideId "613762"]
[BlackFideId "1512633"]
[EventDate "2024.03.15"]

1. e4 e5 2. Nf3 Nc6 3. Bb5 a6 4. Ba4 d6 5. c3 Bd7 6. d4 g6 7. Bg5 Be7 8. Bxe7
Qxe7 9. O-O Nf6 10. Nbd2 O-O 11. Re1 Rfe8 12. a3 Nh5 13. g3 b5 14. Bb3 Qf6 15.
d5 Na5 16. Ba2 c5 17. dxc6 Bxc6 18. b4 Nb7 19. c4 Qe7 20. Rc1 Rec8 21. Re3 Nf6
22. Qe2 Kg7 23. Rec3 Bd7 24. cxb5 Rxc3 25. Rxc3 Bxb5 26. Qd1 Nd8 27. a4 Be8 28.
Bc4 Rb8 29. Qb1 Bxa4 30. Bxa6 d5 31. b5 dxe4 32. Nxe4 Nxe4 33. Qxe4 Bxb5 34. Qb1
Qf6 35. Bxb5 e4 36. Rb3 exf3 37. Qd1 Qe5 38. Bc4 Rxb3 39. Bxb3 Ne6 40. Bxe6 Qxe6 1/2-1/2

[Event "Reykjavik Open 2024"]
[Site "Reykjavik ISL"]
[Date "2024.03.16"]
[Round "3.4"]
[White "Balakrishnan, Praveen"]
[Black "Garifullina, Leya"]
[Result "1/2-1/2"]
[WhiteTitle "GM"]
[BlackTitle "IM"]
[WhiteElo "2490"]
[BlackElo "2413"]
[WhiteFideId "2064871"]
[BlackFideId "34127035"]
[EventDate "2024.03.15"]

1. d4 Nf6 2. c4 e6 3. Nf3 d5 4. Nc3 Bb4 5. e3 O-O 6. Bd2 Nbd7 7. a3 Be7 8. Qc2
dxc4 9. Bxc4 c5 10. O-O cxd4 11. exd4 Nb6 12. Ba2 Bd7 13. Ne5 Rc8 14. Rfe1 Bc6
15. Qd3 Nbd5 16. Bg5 Nd7 17. Nxc6 bxc6 18. Bd2 N7f6 19. Rac1 Nxc3 20. Rxc3 Nd5
21. Rc4 Nb6 22. Rc3 Bf6 23. Be3 1/2-1/2

[Event "Reykjavik Open 2024"]
[Site "Reykjavik ISL"]
[Date "2024.03.16"]
[Round "3.6"]
[White "Domalchuk-Jonasson, Aleksandr"]
[Black "Belenkaya, Dina"]
[Result "1-0"]
[WhiteTitle "FM"]
[BlackTitle "WGM"]
[WhiteElo "2355"]
[BlackElo "2164"]
[WhiteFideId "14142805"]
[BlackFideId "24142654"]
[EventDate "2024.03.15"]

1. c4 e6 2. Nf3 d5 3. g3 Nf6 4. Bg2 Be7 5. O-O c6 6. b3 O-O 7. Bb2 a5 8. d4 a4
9. Nbd2 b5 10. c5 Qa5 11. Qc2 a3 12. Bc1 b4 13. e4 Nfd7 14. Re1 Na6 15. Nf1 Nc7
16. Ne3 Nf6 17. Ne5 Bb7 18. Bd2 Nb5 19. Qd3 Nxd4 20. Qxd4 Bxc5 21. Qd3 dxe4 22.
Qc2 Bxe3 23. Nc4 Bxf2+ 24. Kxf2 Qa7+ 25. Be3 Ng4+ 26. Kg1 Nxe3 27. Nxe3 f5 28.
Qc4 Rad8 29. Kh1 Qa5 30. Qxe6+ Kh8 31. Rad1 Rde8 32. Qd7 Ba8 33. Rf1 g6 34. Nc4
Qc5 35. Nd6 Rb8 36. Qe7 Kg8 37. g4 Rbe8 38. Qd7 Re5 39. gxf5 gxf5 40. Bxe4 f4
41. Qxh7# 1-0

[Event "Reykjavik Open 2024"]
[Site "Reykjavik ISL"]
[Date "2024.03.16"]
[Round "3.7"]
[White "Kjartansson, Gudmundur"]
[Black "Lu, Miaoyi"]
[Result "1/2-1/2"]
[WhiteTitle "GM"]
[BlackTitle "WGM"]
[WhiteElo "2465"]
[BlackElo "2392"]
[WhiteFideId "2301318"]
[BlackFideId "8618020"]
[EventDate "2024.03.15"]

1. Nf3 Nf6 2. g3 d5 3. Bg2 e6 4. O-O Be7 5. c4 O-O 6. d4 dxc4 7. Qc2 a6 8. a4
Bd7 9. Bg5 Bc6 10. Nc3 Bxf3 11. Bxf3 Nc6 12. Bxc6 bxc6 13. e3 Rb8 14. a5 Rb4 15.
Ra4 Qb8 16. Rxb4 Qxb4 17. Ra1 Rb8 18. Bxf6 Bxf6 19. Ra4 Qxb2 20. Qxb2 Rxb2 21.
Rxc4 e5 22. Rxc6 exd4 23. Nd5 d3 24. Rxc7 h5 25. Nxf6+ gxf6 26. Rd7 d2 27. Kf1
Ra2 28. Rd5 Rxa5 29. Rxd2 Kg7 30. Rd6 Ra1+ 31. Kg2 a5 32. Ra6 a4 33. Kf3 a3 34.
h3 a2 35. h4 f5 36. Kf4 Rb1 37. Rxa2 Kg6 38. Ra4 Rb2 39. f3 f6 40. Rd4 Rb3 41.
Rc4 Ra3 42. Rb4 Rc3 43. e4 fxe4 44. Rxe4 Rc1 45. Rd4 Rh1 46. Rd5 Rh3 47. Rd1 Rh2
48. Rg1 Rh3 49. g4 hxg4 50. Kxg4 Rh2 51. Kg3 Ra2 52. Kf4+ Kf7 53. h5 Ra4+ 54.
Kg3 Kg7 55. f4 Kh6 56. Kg4 Ra5 57. f5 Ra4+ 58. Kf3 Kxh5 59. Rg6 Rb4 60. Ke3 Ra4
61. Rxf6 Kg5 62. Rf8 Rb4 63. f6 Kg6 64. Kf3 Rb6 65. Ke3 Rxf6 66. Rxf6+ Kxf6 1/2-1/2

[Event "Reykjavik Open 2024"]
[Site "Reykjavik ISL"]
[Date "2024.03.16"]
[Round "3.8"]
[White "Jin, Yueheng"]
[Black "Stefansson, Vignir Vatnar"]
[Result "1/2-1/2"]
[BlackTitle "GM"]
[WhiteElo "2404"]
[BlackElo "2464"]
[WhiteFideId "8616868"]
[BlackFideId "2308649"]
[EventDate "2024.03.15"]

1. d4 Nf6 2. c4 e6 3. g3 d5 4. Bg2 Be7 5. Nf3 O-O 6. O-O dxc4 7. Qc2 b5 8. a4 b4
9. Nfd2 Nd5 10. Nxc4 c5 11. dxc5 Bxc5 12. Rd1 Nd7 13. e4 N5b6 14. Be3 Qe7 15.
Nbd2 Ba6 16. Nxb6 axb6 17. Bxc5 Nxc5 18. Nb3 Rfc8 19. Nxc5 bxc5 20. e5 Bb7 21.
Bxb7 Qxb7 22. Qc4 Qa6 23. Rdc1 Qxc4 24. Rxc4 Ra5 25. Rac1 Rxa4 26. Rxc5 Rxc5 27.
Rxc5 g5 28. Rb5 Ra1+ 29. Kg2 Re1 30. Rxb4 1/2-1/2

[Event "Reykjavik Open 2024"]
[Site "Reykjavik ISL"]
[Date "2024.03.16"]
[Round "3.9"]
[White "Tania, Sachdev"]
[Black "Seemann, Jakub"]
[Result "0-1"]
[WhiteTitle "IM"]
[BlackTitle "IM"]
[WhiteElo "2393"]
[BlackElo "2451"]
[WhiteFideId "5007844"]
[BlackFideId "21874697"]
[EventDate "2024.03.15"]

1. d4 Nf6 2. c4 g6 3. Nc3 Bg7 4. e4 d6 5. f3 O-O 6. Nge2 c5 7. d5 e6 8. Ng3 exd5
9. cxd5 h5 10. Bg5 a6 11. a4 Qe8 12. Qd2 Nh7 13. Bh6 h4 14. Bxg7 Kxg7 15. Nge2
Nd7 16. Nf4 Ne5 17. Be2 Rb8 18. O-O b5 19. axb5 axb5 20. b4 cxb4 21. Na2 b3 22.
Nb4 Bd7 23. Qb2 Qd8 24. Nfd3 f6 25. Qxb3 Qb6+ 26. Nf2 h3 27. f4 Nc4 28. Ra6 Qc5
29. Rc1 Rfe8 30. Nc6 Rxe4 31. Bxc4 Rbe8 32. gxh3 bxc4 33. Qg3 Re1+ 34. Rxe1
Rxe1+ 0-1

[Event "Reykjavik Open 2024"]
[Site "Reykjavik ISL"]
[Date "2024.03.16"]
[Round "3.10"]
[White "Steingrimsson, Hedinn"]
[Black "Thorfinnsson, Bragi"]
[Result "1-0"]
[WhiteTitle "GM"]
[BlackTitle "GM"]
[WhiteElo "2477"]
[BlackElo "2397"]
[WhiteFideId "2300117"]
[BlackFideId "2300958"]
[EventDate "2024.03.15"]

1. d4 d5 2. c4 e6 3. Nc3 Nf6 4. cxd5 exd5 5. Bg5 c6 6. e3 Bd6 7. Bd3 Be6 8. Nge2
h6 9. Bf4 O-O 10. h3 a5 11. O-O Na6 12. Rc1 Re8 13. Bxd6 Qxd6 14. Ng3 b5 15. a4
bxa4 16. Bxa6 Rxa6 17. Nxa4 Nd7 18. Rc3 Rb8 19. Qc2 Rb4 20. Ra1 g6 21. Nf1 Bf5
22. Qd1 Qb8 23. Ng3 Be6 24. Ne2 Qd8 25. Nf4 Qe7 26. Qe2 Rc4 27. Rxc4 dxc4 28.
Nxe6 Qxe6 29. Rc1 h5 30. Qxc4 Qxc4 31. Rxc4 Kf8 32. e4 Ke7 33. f3 f6 34. Kf2 Kd6
35. Rc3 Ra7 36. Rb3 g5 37. g3 c5 38. d5 g4 39. hxg4 hxg4 40. f4 f5 41. Nc3 1-0

[Event "Reykjavik Open 2024"]
[Site "Reykjavik ISL"]
[Date "2024.03.16"]
[Round "3.11"]
[White "Larkin, Vladyslav"]
[Black "Lu, Maximillian"]
[Result "0-1"]
[WhiteTitle "IM"]
[BlackTitle "IM"]
[WhiteElo "2450"]
[BlackElo "2375"]
[WhiteFideId "14152894"]
[BlackFideId "2096242"]
[EventDate "2024.03.15"]

1. e4 c5 2. Nc3 d6 3. g3 Nc6 4. Bg2 g6 5. Nh3 Bg7 6. O-O e6 7. d3 Rb8 8. Bg5
Nge7 9. Qd2 h6 10. Be3 b5 11. Kh1 a5 12. Rab1 Ba6 13. g4 b4 14. Ne2 Ne5 15. g5
hxg5 16. Bxg5 f6 17. Be3 Ng4 18. f3 Nxe3 19. Qxe3 Qd7 20. f4 Kf7 21. b3 Rh4 22.
Neg1 Rbh8 23. Qg3 Bb7 24. a3 f5 25. axb4 axb4 26. Nf3 Rg4 27. Qf2 Kg8 28. Qe2 e5
29. Ra1 fxe4 30. dxe4 Rxg2 31. Qxg2 Rxh3 32. Ra7 Rh5 33. fxe5 dxe5 34. Rf2 Qc6
35. Qg4 Nc8 36. Rxb7 Qxb7 37. Qxg6 Qf7 38. Qc6 Ne7 39. Qxc5 Qe6 40. Rg2 Qf6 41.
Rg3 Nc6 42. Kg2 Kh8 43. Qb5 Rh6 44. Qb7 Rg6 45. Qc8+ Kh7 46. Qh3+ Bh6 47. Qd7+
Ne7 48. Kf2 Bf4 49. Rxg6 Kxg6 50. h4 Qb6+ 51. Kg2 Qe3 52. Qe6+ Kh5 53. Qf7+ Ng6
54. Qh7+ Bh6 0-1

[Event "Reykjavik Open 2024"]
[Site "Reykjavik ISL"]
[Date "2024.03.16"]
[Round "3.12"]
[White "Thorhallsson, Throstur"]
[Black "Wadsworth, Matthew J"]
[Result "1/2-1/2"]
[WhiteTitle "GM"]
[BlackTitle "IM"]
[WhiteElo "2388"]
[BlackElo "2450"]
[WhiteFideId "2300109"]
[BlackFideId "415804"]
[EventDate "2024.03.15"]

1. e4 e6 2. d4 d5 3. Nc3 Nf6 4. Bg5 dxe4 5. Nxe4 Be7 6. Bxf6 gxf6 7. Nf3 f5 8.
Nc3 a6 9. g3 b5 10. Bg2 Bb7 11. O-O O-O 12. Qe2 c5 13. dxc5 b4 14. Nd1 Bxc5 15.
Ne3 Nc6 16. Rad1 Qe7 17. Nc4 Rad8 18. b3 Bd4 19. Nxd4 Nxd4 20. Qe3 Bxg2 21. Kxg2
Nxc2 22. Qb6 Rd5 23. Qxa6 Rfd8 24. Rxd5 exd5 25. Ne3 Qe4+ 26. Kh3 Nxe3 27. fxe3
Qe6 28. Qxe6 1/2-1/2

[Event "Reykjavik Open 2024"]
[Site "Reykjavik ISL"]
[Date "2024.03.16"]
[Round "3.13"]
[White "Mammadzada, Gunay"]
[Black "Dauner, Benedikt"]
[Result "1/2-1/2"]
[WhiteTitle "IM"]
[BlackTitle "FM"]
[WhiteElo "2449"]
[BlackElo "2366"]
[WhiteFideId "13403729"]
[BlackFideId "16225899"]
[EventDate "2024.03.15"]

1. Nf3 d5 2. d4 Nf6 3. c4 e6 4. g3 Be7 5. Bg2 O-O 6. O-O Nbd7 7. Qd3 b6 8. cxd5
exd5 9. Nc3 Bb7 10. Nh4 Re8 11. Nf5 Bf8 12. Bg5 Qc8 13. Rac1 Ne4 14. Bf4 c5 15.
Nxe4 dxe4 16. Qb3 Qc6 17. Rfd1 Qf6 18. Ne3 cxd4 19. Nd5 Qf5 20. Rxd4 Nc5 21. Qd1
Rad8 22. Nc7 Rxd4 23. Qxd4 Rc8 24. h4 Ne6 25. Nxe6 Rxc1+ 26. Bxc1 Qxe6 27. b3
Qd5 28. Bb2 1/2-1/2

[Event "Reykjavik Open 2024"]
[Site "Reykjavik ISL"]
[Date "2024.03.16"]
[Round "3.14"]
[White "Sidhant, Mohapatra"]
[Black "Chasin, Nico"]
[Result "1/2-1/2"]
[WhiteTitle "IM"]
[BlackTitle "IM"]
[WhiteElo "2379"]
[BlackElo "2447"]
[WhiteFideId "5028698"]
[BlackFideId "30908477"]
[EventDate "2024.03.15"]

1. e4 c5 2. Nf3 Nc6 3. Bb5 e6 4. Bxc6 bxc6 5. d3 Qc7 6. Nbd2 Ne7 7. O-O Ng6 8.
Re1 f6 9. a3 Be7 10. c3 a5 11. a4 O-O 12. b3 e5 13. Nc4 d5 14. Ne3 f5 15. exd5
Bb7 16. d6 Bxd6 17. Nc4 Ba6 18. Nxd6 Qxd6 19. Nxe5 Nxe5 20. Bf4 Qxd3 1/2-1/2